000 00215 a2200097 4500
001 37416
100 _aKanwal G R
245 _aParadise Lost
260 _aNew Delhi
_bSurjeet Publishers
_c
090 _c23884
_d23884
942 _aNUST-CAE
_cM
_c15429
999 _c272489
_d272489